000 00759nam a22002897a 4500
001 0074
003 DO-SdBNP
005 20180119114227.0
007 0074
008 151117b sp 1988 ||||| |||| 00| 0 spa d
020 _a8475254616
040 _aBPMSU
_bspa
_cBPMSU
092 _axxxxxxxx
_bxxxxxxxx
100 1 _aPérez, Arturo
245 1 3 _aLa civilización griega /
_cArturo Pérez.
260 _aMadrid :
_bAnaya,
_c1988.
300 _a96 p. :
_bil. ;
_c19 cm.
490 1 _aBiblioteca básica
490 1 0 _aHistoria
500 _aIncluye índice alfabético
504 _aBibliografías : p. 96
830 0 _aBiblioteca básica
830 0 0 _aHistoria
942 _2ddc
_cBK
945 _aInventariado, 2018/LP
956 _aBrenda Tavárez
_b10
999 _c8740
_d8740